000 00687nam a22002177a 4500
005 20251108164719.0
008 250721s1991 xx 000 0 ara d
082 1 4 _a811.90962/عبد
100 1 _aشرف، عبد العزيز
245 1 0 _aالهمشري :
_bشاعر أبو للو : دراسة ملحقة بقصائد الهمشري /
264 1 _aبيروت :
_bدار الجيل،
_c1991.
300 _a238ص
490 0 _aرابطة الأدب الحديث
650 1 7 _aالشعر العربي
650 1 7 _aالتاريخ الأدبي
650 1 7 _aالنقد الأدبي
650 1 7 _aمصر
700 1 _aجودت، صالح
942 _2ddc
_cBK
999 _c12517
_d12517